Business communications : international case studies in English
Αποθηκεύτηκε σε:
| Κύριος συγγραφέας: | |
|---|---|
| Μορφή: | Βιβλίο |
| Γλώσσα: | English |
| Δημοσίευση: |
Cambridge :
Cambridge University Press,
c1998.
|
| Θέματα: | |
| Ετικέτες: |
Προσθήκη ετικέτας
Δεν υπάρχουν, Καταχωρήστε ετικέτα πρώτοι!
|
MARC
| LEADER | 00000cam a2200000 i 4500 | ||
|---|---|---|---|
| 001 | 1/785 | ||
| 008 | 090806s1998 enk| ||| |||| ||eng|| | ||
| 020 | |a 0521657512 | ||
| 035 | |l 10105360 | ||
| 040 | |a GR-MyUa |b gre |e AACR2 | ||
| 041 | 0 | |a eng | |
| 082 | 7 | |a 658.45 |2 (22) | |
| 100 | 1 | |a Rodgers, Drew. | |
| 245 | 1 | 0 | |a Business communications : |b international case studies in English / |c Drew Rodgers. |
| 260 | |a Cambridge : |b Cambridge University Press, |c c1998. | ||
| 300 | |a xxii, 153 σ. : |b πίν. ; |c 23 εκ.. | ||
| 500 | |a Περιλαμβάνει ευρετήριο. | ||
| 650 | 0 | 0 | |a Business communication |x Case studies. |
| 650 | 0 | 0 | |a Intercultural communication |x Case studies. |
| 650 | 0 | 0 | |a English language |x Business English. |
| 852 | |a INST |b CHIOS |e 20090806 |h 658.45 ROD |p 005200029952 |q 005200029952 |t BK |y 0 | ||
| 852 | |a INST |b CHIOS |e 20090806 |h 658.45 ROD |p 005200029954 |q 005200029954 |t BK |y 0 | ||
| 852 | |a INST |b CHIOS |e 20090806 |h 658.45 ROD |p 005200029955 |q 005200029955 |t BK |y 0 | ||
| 901 | |a BIBL2-2009-2 | ||
| 970 | |a ΣΠΕΝΤΖΑ |b ΕΛΕΝΗ |z 2009/08/06 | ||